| 000 | 00515nam a22001577a 4500 | ||
|---|---|---|---|
| 999 |
_c18469 _d18469 |
||
| 008 | 231121b ||||| |||| 00| 0 eng d | ||
| 020 | _a9786214271252 | ||
| 082 |
_22023 _aDFil 332.7 _bF663 |
||
| 100 |
_aFlores, Marivic F. _950127 |
||
| 245 |
_aCredit & Collection / _cMarivic F. Flores |
||
| 260 |
_aManila : _bUnlimited books library services & publishing Inc., _c©2023. |
||
| 300 |
_axii, 258 pages : _billustrations ; _c25 cm. |
||
| 500 | _aIncludes references. | ||
| 650 |
_aCredit. _950136 |
||
| 942 |
_2ddc _cDFIL |
||